[Event "SK Schmiden/Cannstatt 1 - SC Weiler im Allgäu 1"]
[Site "Oberliga Württemberg 2018/2019"]
[Date "2018.10.14"]
[Round "2"]
[White "Hosticka, Frantisek"]
[Black "Löhr, Markus"]
[Result "1-0"]
[WhiteElo "2047"]
[BlackElo "2125"]
[Annotator ""]
[Source ""]
[Remark ""]

1.e4 c6 2.d4 d5 3.exd5 cxd5 4.Bd3 Nc6 5.c3 Qc7 6.h3 Nf6 7.Nf3
g6 8.O-O Bf5 9.Bxf5 gxf5 10.Re1 e6 11.Ne5 Bg7 12.Bf4 Qb6 13.Nxc6
bxc6 14.Qb3 O-O 15.Be5 Nd7 16.Bxg7 Kxg7 17.Qc2 Rfb8 18.b3 c5
19.dxc5 Qxc5 20.Nd2 Rc8 21.c4 a5 22.Qb2+ Nf6 23.cxd5 Qxd5 24.Re3
f4 25.Re2 Rd8 {(=)} 26.Nf3 h6 27.Rae1 a4 28.Rd2 Qb5 29.Rxd8 Rxd8
30.b4 Rd5 31.a3 Qd3 32.Qc1 Qf5 33.Rd1 Rxd1+ 34.Qxd1 Nd5 35.Qxa4
e5 36.Qd1 e4 37.Qd4+ Kg8 38.Ne5 Nf6 39.b5 e3 40.fxe3 fxe3 41.Ng4
Qb1+ 42.Kh2 Nxg4+ 43.Qxg4+ Kh7 44.Qf3 Qb3 45.Qe4+ Kg8 46.a4 Qa3
47.Qe8+ Kg7 48.Qe5+ f6 49.Qg3+ Kf7 50.Qc7+ Ke6 51.b6 e2 52.Qc4+
Kd7 53.Qxe2 Qxa4 54.Qg4+ Qxg4 55.hxg4 Kc6 56.Kh3 Kxb6 57.Kh4
Kc5 58.Kh5 Kd4 59.Kxh6 Ke5 60.g5 1-0

[Event "SK Schmiden/Cannstatt 1 - SC Weiler im Allgäu 1"]
[Site "Oberliga Württemberg 2018/2019"]
[Date "2018.10.14"]
[Round "2"]
[White "Scheeff, Volker"]
[Black "Feistauer, Dirk"]
[Result "1-0"]
[WhiteElo "2114"]
[BlackElo "1859"]
[Annotator ""]
[Source ""]
[Remark ""]

1.e4 e6 2.d4 d5 3.Nc3 Bb4 4.e5 c5 5.a3 Bxc3+ 6.bxc3 Ne7 7.Qg4
Qc7 8.Bd3 cxd4 9.Ne2 dxc3 10.Qxg7 Rg8 11.Qxh7 Qxe5 12.h4 Rh8
13.Bf4 Rxh7 14.Bxe5 Rh5 15.Bxc3 f5 16.g4 Rh7 17.Kd2 Nbc6 18.f4
d4 19.Nxd4 Nxd4 20.Bxd4 Ng6 21.gxf5 Nxf4 22.Rae1 Nxd3 23.cxd3
Kf7 24.Bc5 Rh5 25.fxe6+ Bxe6 26.Rhf1+ Kg8 27.Rg1+ Kf7 28.Rgf1+
Kg8 29.Rxe6 Rxc5 30.Re7 Rh5 31.Rf4 b5 32.d4 a6 33.Rfe4 Rd8 34.Kd3
Kf8 35.R7e5 Rh7 36.h5 Rdd7 37.d5 Rh6 38.Kd4 Rc7 39.Rf5+ Kg7 40.Re6
Rh8 41.d6 Rc4+ 42.Kd5 Rhc8 43.Re7+ Kh6 44.Ke6 R8c6 45.Rd5 a5
46.Rxb5 a4 47.Rd5 R4c5 48.Rxc5 Rxd6+ 49.Ke5 1-0

[Event "SC Böblingen 1 - Stuttgarter SF 1"]
[Site "Oberliga Württemberg 2018/2019"]
[Date "2018.10.14"]
[Round "2"]
[White "Kvetny, Mark"]
[Black "Kuklin, Valentin"]
[Result "1/2-1/2"]
[WhiteElo "2406"]
[BlackElo "2340"]
[Annotator ""]
[Source ""]
[Remark ""]

1.d4 Nf6 2.c4 c5 3.d5 e6 4.Nc3 exd5 5.cxd5 d6 6.e4 g6 7.f4 Bg7
8.e5 Nfd7 9.Ne4 dxe5 10.Nd6+ Ke7 11.Nxc8+ Qxc8 12.Nf3 Re8 13.f5
Nb6 14.d6+ Kf8 15.fxg6 hxg6 16.Bb5 Nc6 17.O-O Kg8 18.Be3 a6 19.Bxc5
axb5 20.Bxb6 Qd7 21.Ng5 Rf8 22.Qb3 Ra4 23.Rae1 Rb4 24.Qg3 f5
25.Qd3 Nd4 26.Bxd4 Rxd4 27.Qb3+ Rc4 28.Rd1 Bf6 29.Nf3 Rf7 30.Rd5 1/2-1/2

[Event "SC Böblingen 1 - Stuttgarter SF 1"]
[Site "Oberliga Württemberg 2018/2019"]
[Date "2018.10.14"]
[Round "2"]
[White "Ortmann, David"]
[Black "Benkovic, Petar"]
[Result "1-0"]
[WhiteElo "2310"]
[BlackElo "2338"]
[Annotator ""]
[Source ""]
[Remark ""]

1.d4 Nf6 2.c4 e6 3.Nc3 Bb4 4.Qc2 O-O 5.Nf3 b6 6.e4 c5 7.e5 Ne8
8.Bd3 f5 9.Bg5 Qc7 10.d5 h6 11.d6 Qb7 12.Bd2 Nc6 13.O-O g5 14.h3
Rf7 15.Rae1 a6 16.a3 Ba5 17.Qd1 Qb8 18.Nh2 Bb7 19.Qh5 Bxc3 20.bxc3
Na5 21.Rb1 Qd8 22.f3 Rg7 23.Qxh6 b5 24.cxb5 c4 25.Bc2 axb5 26.Rxb5
Bc6 27.Rb4 Bd5 28.Re1 Nc6 29.Rb5 Ra5 30.Rxa5 Qxa5 31.Qh5 Kf8
32.Nf1 Qxa3 {(=)} 33.Ne3 Qc5 34.Kh1 Rg8 35.Nxd5 Qxd5 36.Bxg5
Rxg5 37.Qxg5 Ng7 38.Qe3 Kf7 39.Ba4 Nh5 40.Bxc6 Qxc6 41.Qg5 1-0

[Event "SC Böblingen 1 - Stuttgarter SF 1"]
[Site "Oberliga Württemberg 2018/2019"]
[Date "2018.10.14"]
[Round "2"]
[White "Neyman, Igor"]
[Black "Tran, Thanh Kien"]
[Result "1/2-1/2"]
[WhiteElo "2287"]
[BlackElo "2075"]
[Annotator ""]
[Source ""]
[Remark ""]

1.d4 Nf6 2.c4 g6 3.f3 Nc6 4.d5 Ne5 5.e4 d6 6.Nc3 Bg7 7.Be3 c6
8.Qb3 cxd5 9.cxd5 O-O 10.Rd1 Ne8 11.Nge2 Nd7 12.Nd4 Nc5 13.Qc2
Bd7 14.Be2 Rc8 15.Qd2 Na4 16.Nxa4 Bxa4 17.b3 Bd7 18.O-O Nf6 19.Rc1
a6 20.Qb4 Rxc1 21.Rxc1 Qb8 22.Qb6 Rc8 23.Rc4 Rxc4 24.bxc4 Ne8
25.c5 Qc7 26.Qxc7 Nxc7 27.c6 bxc6 28.Nxc6 Kf8 29.Bb6 Nb5 30.Nb4
Bc8 31.Bc4 Bc3 32.Nc2 Bb2 33.Kf1 Na3 34.Nxa3 Bxa3 35.Ke2 Ke8
36.Kd3 Bb4 37.Kc2 Be1 38.Bd4 Kd7 39.Bb3 Kc7 40.Ba4 Bd7 41.Bxd7
Kxd7 42.Kd3 Kc7 43.g4 Ba5 44.f4 Bb6 45.Bc3 Bg1 46.h3 Kb6 47.Kc4
h5 48.gxh5 gxh5 49.e5 Bh2 50.exd6 exd6 51.f5 Bg1 {(=)} 52.a4
Kc7 53.Ba5+ Kd7 54.Kd3 Bh2 55.Bb6 Ke7 56.Bd4 Be5 57.Be3 Kf6 58.Ke4
Bc3 59.Bb6 Kg5 60.Bd8+ f6 61.Bb6 Be5 62.Bf2 Bc3 63.Bg3 Be5 64.h4+
Kh6 65.Be1 Kg7 66.Kd3 Bf4 67.Kc4 Be3 68.Kb4 Bb6 69.Bg3 Bc7 70.Bf4
Kf7 71.Kc4 Ke7 72.Kb4 Kd7 73.Be3 Bd8 74.Bd4 Kc7 75.Be3 Kd7 76.Ba7
Kc7 1/2-1/2

[Event "SC Böblingen 1 - Stuttgarter SF 1"]
[Site "Oberliga Württemberg 2018/2019"]
[Date "2018.10.14"]
[Round "2"]
[White "Vujic, Branimir"]
[Black "Gabriel, Robert"]
[Result "1/2-1/2"]
[WhiteElo "2263"]
[BlackElo "2166"]
[Annotator ""]
[Source ""]
[Remark ""]

1.d4 Nf6 2.Bf4 e6 3.e3 c5 4.Nd2 d5 5.c3 Nc6 6.Ngf3 Bd6 7.dxc5
Bxc5 8.Bd3 O-O 9.O-O Re8 10.e4 h6 11.e5 Nh5 12.Bg3 Nxg3 13.hxg3
Qc7 14.Qe2 g6 15.Rfe1 Bf8 16.Nd4 Bg7 17.f4 Nxd4 18.cxd4 Bd7 19.Nf3
h5 20.Rad1 Rec8 21.Nh2 Qb6 22.Nf3 a6 23.Bb1 Rc4 24.Qd2 Bf8 25.a3
Ba4 26.Rc1 Rac8 27.Rxc4 Rxc4 28.Kh2 Qc7 29.Bd3 Rc6 30.Nh4 Bc2
31.Rc1 Bxd3 32.Rxc6 Qxc6 33.Qxd3 Kg7 34.Nf3 b5 35.Qd2 Be7 36.Qa5
Kf8 37.Qd2 Bd8 38.Kh3 a5 39.g4 hxg4+ 40.Kxg4 Qc4 41.Kh3 b4 42.axb4
axb4 43.Qd1 b3 44.Kg3 Kg7 45.Kf2 Qc2+ 46.Qe2 Ba5 47.g3 Kf8 48.Kf1
Qe4 49.Qxe4 dxe4 50.Ng5 Bc3 51.Nxe4 Bxd4 52.Nd2 Bxb2 53.Nxb3
Ke7 1/2-1/2

[Event "SC Böblingen 1 - Stuttgarter SF 1"]
[Site "Oberliga Württemberg 2018/2019"]
[Date "2018.10.14"]
[Round "2"]
[White "Hofmann, Martin"]
[Black "Schuh, Karsten"]
[Result "1/2-1/2"]
[WhiteElo "2163"]
[BlackElo "2172"]
[Annotator ""]
[Source ""]
[Remark ""]

1.d4 f5 2.g3 Nf6 3.Bg2 g6 4.c4 Bg7 5.Nh3 d6 6.Nc3 O-O 7.O-O e5
8.dxe5 dxe5 9.Qb3 c6 10.a4 Na6 11.Qa3 Qd4 12.Qb3 Nc5 13.Qa2 Qd8
14.b3 Ne6 15.Ba3 Rf7 16.Rad1 Rd7 17.Rxd7 Bxd7 18.Rd1 Qe8 19.Bd6
Ng4 20.e3 Rd8 21.c5 Bc8 22.b4 h6 23.e4 Kh7 24.exf5 gxf5 25.Re1
e4 26.Ne2 1/2-1/2

[Event "SC Böblingen 1 - Stuttgarter SF 1"]
[Site "Oberliga Württemberg 2018/2019"]
[Date "2018.10.14"]
[Round "2"]
[White "Bauer, Peter"]
[Black "Fritsch, Rolf"]
[Result "1/2-1/2"]
[WhiteElo "2132"]
[BlackElo "2148"]
[Annotator ""]
[Source ""]
[Remark ""]

1.e4 g6 2.d4 Bg7 3.Nf3 d6 4.Bc4 a6 5.a4 e6 6.Qe2 Ne7 7.O-O O-O
8.Ba2 h6 9.Rd1 b6 10.c3 Bb7 11.Nbd2 Nd7 12.Nf1 b5 13.Bb3 c5 14.Ng3
c4 15.Bc2 Qc7 16.h3 e5 17.Bd2 Rfe8 18.Be3 Rad8 19.Qd2 Kh7 20.Nh2
d5 21.axb5 axb5 22.Ra7 exd4 23.cxd4 Nc6 24.Rxb7 Qxb7 25.exd5
Ne7 26.Nh5 Nxd5 27.Nxg7 Nxe3 28.fxe3 Kxg7 29.e4 Qb6 30.Ng4 h5
31.Qh6+ Kg8 32.Nf2 Nb8 33.e5 Rxd4 34.Rxd4 Qxd4 35.Bxg6 fxg6 36.Qxg6+
Kf8 37.Qf6+ Kg8 38.Qg6+ Kf8 1/2-1/2

[Event "SC Böblingen 1 - Stuttgarter SF 1"]
[Site "Oberliga Württemberg 2018/2019"]
[Date "2018.10.14"]
[Round "2"]
[White "Seyfried, Claus"]
[Black "Schröter, Samuel"]
[Result "0-1"]
[WhiteElo "2107"]
[BlackElo "2121"]
[Annotator ""]
[Source ""]
[Remark ""]

1.e4 g6 2.d4 Bg7 3.Nf3 c5 4.dxc5 Qa5+ 5.c3 Qxc5 6.Be3 Qc7 7.Nbd2
Nf6 8.Bd3 Nc6 9.O-O O-O 10.Bg5 d6 11.Re1 Ng4 12.h3 Nge5 13.Nxe5
Nxe5 14.Bf1 Re8 15.f4 Nc6 16.Nc4 Nd8 17.Qf3 Ne6 18.Bh4 Bd7 19.Ne3
Bc6 20.Nd5 Qd7 21.f5 Nc5 22.f6 exf6 23.Bxf6 Bxd5 24.exd5 Rxe1
25.Rxe1 Re8 26.Rxe8+ Qxe8 27.Qf4 Bxf6 28.Qxf6 Qe3+ 29.Qf2 {(=)}
Qxf2+ 30.Kxf2 Na4 31.Ke3 Nxb2 32.Kd4 Na4 33.g3 Kg7 34.Bd3 Nc5
35.Bc2 f5 36.Bd1 Kf6 37.Bf3 Nd7 38.Be2 g5 39.Bd1 h6 40.Be2 Nc5
41.Bf3 Kg6 42.Be2 Ne4 43.g4 Nc5 44.Bd1 fxg4 45.hxg4 Nd7 46.Bc2+
Kf6 47.Bd1 Ne5 48.Ke4 Ng6 49.Be2 Nf4 50.Bd1 Kg6 51.Bf3 h5 52.gxh5+
Nxh5 53.c4 Nf6+ 54.Kd4 b6 55.a4 Kf5 56.a5 Kf4 57.axb6 axb6 58.Bh1
Nd7 59.Kc3 Ne5 60.Bg2 g4 61.Kb4 g3 62.Kb5 Kf5 63.Bh3+ Ke4 0-1

[Event "SC Böblingen 1 - Stuttgarter SF 1"]
[Site "Oberliga Württemberg 2018/2019"]
[Date "2018.10.14"]
[Round "2"]
[White "Seitz, Patrick"]
[Black "Gabriel, Josef"]
[Result "0-1"]
[WhiteElo "2012"]
[BlackElo "2093"]
[Annotator ""]
[Source ""]
[Remark ""]

1.e4 g6 2.d4 Bg7 3.Nc3 d6 4.Be3 a6 5.Bc4 b5 6.Bb3 Bb7 7.Nh3 e6
8.f3 Nd7 9.a4 b4 10.Ne2 c5 11.a5 Ne7 12.Qd2 Nc6 13.O-O Nxa5 14.Bh6
Nxb3 15.cxb3 O-O 16.Bxg7 Kxg7 17.dxc5 dxc5 18.Rad1 Ne5 19.Qe3
Qe7 20.Nf2 f6 21.f4 Nf7 22.Rd2 Rfd8 23.Rc2 Rac8 24.Rfc1 e5 25.Rxc5
Rxc5 26.Rxc5 Rd2 27.Qxd2 Qxc5 28.Kf1 a5 29.Qd3 Bc6 30.Qc4 Qxc4
31.bxc4 a4 32.Nd3 a3 33.bxa3 bxa3 34.Nb4 exf4 35.Nc3 Ne5 36.c5
g5 37.Ke2 f5 38.Nxc6 Nxc6 39.Kd3 Kf6 40.Kc4 fxe4 41.Nxe4+ Ke5
42.Nc3 g4 43.Kb3 f3 44.gxf3 gxf3 45.Nd1 Kd4 46.Kxa3 Kxc5 47.Kb3
Kd4 48.Kc2 Ne5 49.Kd2 Nd3 50.Ne3 Nc5 51.Nd1 Ne4+ 52.Ke1 Ke5 53.Nf2
Nf6 54.Kf1 Kf4 55.Ke1 h5 56.Kf1 Ng4 57.Nxg4 hxg4 58.Kf2 Ke4 59.Kf1
Ke3 60.Ke1 f2+ 0-1

[Event "SF Deizisau 2 - SK Bebenhausen 1"]
[Site "Oberliga Württemberg 2018/2019"]
[Date "2018.10.14"]
[Round "2"]
[White "Braun, Georg"]
[Black "Zilka, Stepan"]
[Result "1/2-1/2"]
[WhiteElo "2290"]
[BlackElo "2536"]
[Annotator ""]
[Source ""]
[Remark ""]

1.e4 c6 2.Nc3 d5 3.Qf3 dxe4 4.Nxe4 Nd7 5.d4 Ndf6 6.c3 Nxe4 7.Qxe4
Nf6 8.Qf4 Nd5 9.Qe5 Qd6 10.Qxd6 exd6 11.Bd3 Be6 12.Ne2 Be7 13.Nf4
Nxf4 14.Bxf4 Kd7 15.f3 b5 16.a4 a6 17.axb5 axb5 18.Kd2 g5 19.Be3
h5 20.h3 {(=)} Rhg8 21.Kc2 f5 22.Rxa8 Rxa8 23.d5 Bxd5 24.Bxf5+
Be6 25.Bxe6+ Kxe6 26.Re1 Kf7 27.Bd4 h4 28.Be3 d5 29.Re2 Bf6 30.Bc5
Ra1 31.Kd2 Rb1 32.Kc2 Rh1 33.Kb3 Ra1 34.Bd6 Ra4 35.Kc2 d4 36.cxd4
Rc4+ 37.Kb3 Rxd4 38.Be5 Rc4 39.Bd6 c5 40.g3 hxg3 41.Bxg3 Rb4+
42.Ka2 Rd4 43.Bf2 Rd5 44.Re4 c4 45.Be3 Rd3 46.f4 gxf4 47.Bxf4
Rxh3 48.Re3 Rh8 49.Bd6 Rd8 50.Bb4 Rd3 51.Rxd3 cxd3 52.Bd2 Ke6
53.Kb3 Kd5 54.Kb4 Ke4 55.Kxb5 Kf3 56.Kc4 Ke2 57.Bh6 Bxb2 58.Kd5
Bg7 59.Bg5 Kd1 60.Kc4 Kc2 61.Be3 Bc3 62.Bf4 Bd2 63.Bc7 Be3 64.Ba5
Bf4 65.Bb4 d2 66.Bxd2 Bxd2 1/2-1/2

[Event "SF Deizisau 2 - SK Bebenhausen 1"]
[Site "Oberliga Württemberg 2018/2019"]
[Date "2018.10.14"]
[Round "2"]
[White "Foisor, Ovidiu-Doru"]
[Black "Bräuning, Rudolf Wilhelm"]
[Result "1-0"]
[WhiteElo "2327"]
[BlackElo "2276"]
[Annotator ""]
[Source ""]
[Remark ""]

1.c4 Nf6 2.Nc3 e6 3.d4 Bb4 4.Qc2 c5 5.dxc5 Na6 6.a3 Bxc3+ 7.Qxc3
Nxc5 8.b4 Nce4 9.Qd4 d5 10.cxd5 exd5 11.Bb2 O-O 12.Nf3 Bf5 13.e3
Nd6 14.Be2 Re8 15.O-O Re4 16.Qd1 Nc4 17.Bxf6 Qxf6 18.Qxd5 Rd8
19.Qxb7 g5 20.Rad1 Nxa3 21.Qa6 Qxa6 22.Rxd8+ Kg7 23.Bxa6 1-0

[Event "SF Deizisau 2 - SK Bebenhausen 1"]
[Site "Oberliga Württemberg 2018/2019"]
[Date "2018.10.14"]
[Round "2"]
[White "Frick, Christoph"]
[Black "Misanovic, Vesna"]
[Result "0-1"]
[WhiteElo "2205"]
[BlackElo "2227"]
[Annotator ""]
[Source ""]
[Remark ""]

1.e4 e5 2.Nf3 Nc6 3.d4 exd4 4.Nxd4 Nf6 5.Nxc6 bxc6 6.e5 Qe7 7.Qe2
Nd5 8.c4 Ba6 9.b3 Qh4 10.a3 Nf4 11.Qe4 Ng6 12.Qe3 c5 13.g3 Qd4
14.Qxd4 cxd4 15.f4 Bb7 16.Rg1 d6 17.exd6 Bxd6 18.Bg2 O-O-O 19.Bxb7+
Kxb7 20.Rg2 Rhe8+ 21.Re2 d3 22.Rxe8 Rxe8+ 23.Kd2 Re2+ 24.Kxd3
Rxh2 25.Ke4 Bc5 26.Nc3 f5+ 27.Kd5 Bf2 28.Na4 Bxg3 29.Nc5+ Kc8
30.Be3 Re2 31.Bg1 Ne7+ 32.Kd4 Bxf4 33.Kd3 Rd2+ 34.Kc3 Be5+ 35.Kxd2
Bxa1 36.Ne6 Nc6 37.Bh2 Nd4 0-1

[Event "SF Deizisau 2 - SK Bebenhausen 1"]
[Site "Oberliga Württemberg 2018/2019"]
[Date "2018.10.14"]
[Round "2"]
[White "Fischer, Sebastian"]
[Black "Khadempour, Farhad"]
[Result "1-0"]
[WhiteElo "2230"]
[BlackElo "2165"]
[Annotator ""]
[Source ""]
[Remark ""]

1.d4 d5 2.Bf4 Nf6 3.e3 e6 4.Nd2 c5 5.c3 Nc6 6.Ngf3 Bd6 7.Bg3
O-O 8.Bb5 Bxg3 9.hxg3 cxd4 10.cxd4 Bd7 11.Bxc6 Bxc6 12.Ne5 Rc8
13.Qb1 a5 14.g4 g6 15.O-O Bb5 16.Rc1 Qd6 17.Rc3 Rc7 18.Qc2 Rfc8
19.Qb3 Be2 20.g5 Nd7 21.Nxd7 Qxd7 22.Rac1 b5 23.a3 Bc4 24.Qd1
b4 25.axb4 axb4 26.R3c2 Qb5 27.Qe1 b3 28.Rc3 Qb4 29.e4 Ra8 30.Qe3
Ra2 31.Nxb3 Rxb2 32.Nd2 Ra2 33.exd5 exd5 34.Qe8+ Qf8 35.Qxf8+
Kxf8 36.Nxc4 dxc4 37.Rxc4 Rd7 38.Rd1 Ra5 39.f4 Rad5 40.Kf2 Kg7
41.Kf3 f6 42.gxf6+ Kxf6 43.Rc6+ Kf7 44.Ke4 h5 45.Rd3 Rd8 46.Rc5
R5d6 47.d5 Re8+ 48.Kd4 Re2 49.Rc7+ Ke8 50.g3 Kd8 51.Ra7 Re7 52.Rxe7
Kxe7 53.Ke5 Rd7 54.d6+ Kf7 55.Rc3 Rd8 56.Rc7+ Kf8 57.Ke6 Re8+
58.Kf6 Rd8 59.d7 1-0

[Event "SF Deizisau 2 - SK Bebenhausen 1"]
[Site "Oberliga Württemberg 2018/2019"]
[Date "2018.10.14"]
[Round "2"]
[White "Carstens, Andreas"]
[Black "Bronznik, Valerij"]
[Result "0-1"]
[WhiteElo "2124"]
[BlackElo "2223"]
[Annotator ""]
[Source ""]
[Remark ""]

1.e4 c5 2.Nf3 Nc6 3.d4 cxd4 4.Nxd4 e5 5.Nb5 d6 6.N1c3 a6 7.Na3
Be7 8.Nc4 b5 9.Ne3 Nf6 10.g3 O-O 11.Bg2 b4 12.Ncd5 Nxd5 13.Nxd5
Bg5 14.Bxg5 Qxg5 15.O-O Rb8 16.f4 Qd8 17.f5 Ne7 18.Nxe7+ Qxe7
19.Qd2 f6 20.Rfd1 Rd8 21.Qe3 a5 22.Rd2 d5 23.exd5 Bxf5 24.Rad1
Qd6 25.Be4 Bxe4 26.Qxe4 Rbc8 27.Kg2 Rc5 28.h3 Rdc8 29.Rf1 Rc4
30.Qf5 R8c5 31.Rfd1 g6 32.Qf2 f5 33.Qe2 e4 34.Re1 Kg7 35.Qd1
g5 36.Qh5 h6 37.Qd1 a4 38.Ree2 f4 39.gxf4 gxf4 40.Kh1 Kh7 41.b3
Rc3 42.Rxe4 Rxh3+ 43.Rh2 Rxd5 44.Qe2 Rd1+ 45.Kg2 Rxh2+ 46.Kxh2
f3+ 0-1

[Event "SF Deizisau 2 - SK Bebenhausen 1"]
[Site "Oberliga Württemberg 2018/2019"]
[Date "2018.10.14"]
[Round "2"]
[White "Gustain, Marc"]
[Black "Latzke, Boris"]
[Result "0-1"]
[WhiteElo "2121"]
[BlackElo "2146"]
[Annotator ""]
[Source ""]
[Remark ""]

1.d4 Nf6 2.Nc3 d5 3.Bf4 Bf5 4.f3 e6 5.g4 Bg6 6.h4 h6 7.h5 Bh7
8.e3 Bd6 9.Bd3 Nc6 10.Bxh7 Nxh7 11.Qd2 Qd7 12.O-O-O O-O-O 13.Nb5
Kb8 14.Nxd6 cxd6 15.Nh3 e5 16.Bg3 f5 17.Bh4 Nf6 18.Nf2 Qe6 19.Rdg1
Rd7 20.c3 Rf8 21.Bxf6 Qxf6 22.Nd3 fxg4 23.fxg4 Rdf7 24.Qe2 Qg5
25.Kb1 Nd8 26.Nb4 a5 27.Nxd5 exd4 28.e4 dxc3 29.Nxc3 Rf2 30.Qe1
Nc6 31.Rf1 Rxf1 32.Rxf1 Rxf1 33.Qxf1 Qxg4 34.Qf8+ Ka7 35.Qxd6
Qxh5 36.a3 Qe5 37.Qd3 Kb8 38.Qf3 Nd4 39.Qf8+ Ka7 40.Qd8 Nc6 41.Qd3
h5 42.Nb5+ Kb8 43.a4 g5 44.Qf3 Qf4 45.Qxh5 Qxe4+ 46.Kc1 Qe1+
47.Kc2 Nb4+ 48.Kb3 Qe6+ 49.Kc3 Qe3+ 50.Kc4 Qd3+ 51.Kc5 Na6+ 52.Kb6
Qd8+ 0-1

[Event "SF Deizisau 2 - SK Bebenhausen 1"]
[Site "Oberliga Württemberg 2018/2019"]
[Date "2018.10.14"]
[Round "2"]
[White "Roth, Jürgen Eugen"]
[Black "Rempeli, Alex"]
[Result "1-0"]
[WhiteElo "2131"]
[BlackElo "2027"]
[Annotator ""]
[Source ""]
[Remark ""]

1.Nf3 d5 2.e3 e6 3.b3 Nf6 4.Bb2 Be7 5.d4 O-O 6.Bd3 c5 7.Nbd2
Nc6 8.a3 cxd4 9.exd4 Qc7 10.O-O Qf4 11.Re1 Bd7 12.Ne5 Nxe5 13.dxe5
Ng4 14.Nf3 Bc5 15.Re2 Nh6 16.h3 f6 17.exf6 Nf7 18.fxg7 Rfe8 19.Ne5 1-0

[Event "SF Deizisau 2 - SK Bebenhausen 1"]
[Site "Oberliga Württemberg 2018/2019"]
[Date "2018.10.14"]
[Round "2"]
[White "Brenner, Markus"]
[Black "Wendler, David"]
[Result "1/2-1/2"]
[WhiteElo "2042"]
[BlackElo "2147"]
[Annotator ""]
[Source ""]
[Remark ""]

1.e4 c5 2.d4 cxd4 3.c3 Nf6 4.e5 Nd5 5.Qxd4 e6 6.Nf3 Nc6 7.Qe4
f5 8.Qe2 b6 9.g3 Be7 10.Bg2 O-O 11.O-O a5 12.Rd1 {(=)} Qc7 13.a4
Ba6 14.Qe1 b5 15.axb5 Bxb5 16.b3 Ba6 17.Ba3 Bxa3 18.Rxa3 f4 19.c4
Ndb4 20.Qd2 fxg3 21.hxg3 Rad8 22.Qd6 {(=)} Qxd6 23.Rxd6 Rf5 24.Nc3
Nxe5 25.Nd4 Rh5 26.Nxe6 Nf7 27.Nxd8 Nxd6 28.Nd5 Nxd5 29.Bxd5+
Kf8 30.Rxa5 Bc8 31.Ra7 Ke8 32.Bf3 Rc5 33.Nb7 Nxb7 34.Bxb7 Rc7
35.Ra8 Rxb7 36.Rxc8+ Kf7 37.Rd8 1/2-1/2

[Event "Heilbronner SV 1 - SG Schwäbisch Gmünd 1"]
[Site "Oberliga Württemberg 2018/2019"]
[Date "2018.10.14"]
[Round "2"]
[White "Velicka, Petr"]
[Black "Zuferi, Enis"]
[Result "1-0"]
[WhiteElo "2393"]
[BlackElo "2327"]
[Annotator ""]
[Source ""]
[Remark ""]

1.d4 Nf6 2.c4 g6 3.Nc3 d5 4.cxd5 Nxd5 5.e4 Nxc3 6.bxc3 Bg7 7.Be3
c5 8.Qd2 Qa5 9.Rc1 cxd4 10.cxd4 Qxd2+ 11.Bxd2 O-O 12.Nf3 Bg4
13.Be3 Rd8 14.d5 Nd7 15.Nd4 Rdc8 16.Rxc8+ Rxc8 17.f3 Rc3 18.Kd2
Ra3 19.Nc2 Bc3+ 20.Kc1 Rxa2 21.fxg4 Nf6 22.Bc4 Ra5 23.Bd3 Nxg4
24.Bd2 Rc5 25.Re1 Nxh2 26.Bxc3 Rxc3 27.Kd2 Rb3 28.Ne3 h5 29.Ra1
a6 30.Kc2 Rb6 31.e5 Kf8 32.Rh1 Ng4 33.Nxg4 hxg4 34.Rh8+ Kg7 35.Re8
Rb4 36.Kc3 Rf4 37.d6 1-0

[Event "Heilbronner SV 1 - SG Schwäbisch Gmünd 1"]
[Site "Oberliga Württemberg 2018/2019"]
[Date "2018.10.14"]
[Round "2"]
[White "Schmidt, Tobias"]
[Black "Petrová, Kristyna"]
[Result "1-0"]
[WhiteElo "2230"]
[BlackElo "2256"]
[Annotator ""]
[Source ""]
[Remark ""]

1.e4 c5 2.Nf3 Nc6 3.c3 Nf6 4.e5 Nd5 5.d4 cxd4 6.cxd4 d6 7.Bc4
dxe5 8.dxe5 Ndb4 9.O-O Qxd1 10.Rxd1 Bg4 11.Nc3 Bxf3 12.gxf3 Nxe5
13.Bb5+ Nbc6 14.f4 Nf3+ 15.Kh1 e6 16.Be3 Nh4 17.Ne4 a6 18.Bxc6+
bxc6 19.Rac1 Rc8 20.Rd4 Be7 21.Ra4 O-O 22.Rxa6 Rfd8 23.h3 f5
24.Ra7 Re8 25.Ng3 g6 26.a4 Bf6 27.a5 e5 28.fxe5 Bxe5 29.Ne2 f4
30.Nxf4 Nf5 31.a6 Nxe3 32.fxe3 Bb8 33.Ra8 Bxf4 34.Rxc8 Rxc8 35.exf4
Kg7 36.b4 Rb8 37.Rxc6 Rxb4 38.Rc7+ Kh6 39.a7 Ra4 40.Kh2 Ra3 41.Kg2
Ra5 42.Kg3 Ra3+ 43.Kf2 g5 44.f5 g4 45.hxg4 Kg5 46.Ke2 Ra6 47.Rb7
Ra3 48.Kd2 Ra1 49.Kc3 1-0

[Event "Heilbronner SV 1 - SG Schwäbisch Gmünd 1"]
[Site "Oberliga Württemberg 2018/2019"]
[Date "2018.10.14"]
[Round "2"]
[White "Denisow, Jewgeny"]
[Black "Pogan, Nikolas"]
[Result "1/2-1/2"]
[WhiteElo "2131"]
[BlackElo "2225"]
[Annotator ""]
[Source ""]
[Remark ""]

1.e4 d6 2.d4 Nf6 3.Nc3 e5 4.Nf3 Nbd7 5.Bc4 Be7 6.O-O O-O 7.Re1
c6 8.a4 a5 9.Be3 Nb6 10.Bb3 Nfd7 11.Qd3 exd4 12.Bxd4 Nc5 13.Bxc5
dxc5 14.Ne5 Qxd3 15.cxd3 Bf6 16.Nc4 Nxc4 17.Bxc4 Re8 18.Ra3 Rb8
19.Rb3 g6 20.Kf1 Bd7 21.Rb6 Bd8 22.Rb3 Bf6 23.Rb6 Bd8 24.Rb3
Bc7 25.g3 g5 26.Ke2 Kg7 27.Rf1 f5 28.f4 gxf4 29.gxf4 fxe4 30.dxe4
b5 31.axb5 a4 32.Rg1+ Kh6 33.bxc6 Bxc6 34.Rxb8 Rxb8 35.Bd5 Rxb2+
36.Kd3 Bd7 37.f5 Bxh2 38.Rf1 Kg7 39.Be6 Bb5+ 40.Nxb5 Rxb5 41.f6+
Kf8 42.Rf5 Rb6 43.Bc4 a3 44.e5 Bxe5 45.Rxe5 Rxf6 46.Rxc5 Rf4
47.Ra5 Rh4 48.Kc3 h5 49.Rxa3 Ke7 50.Ra6 Rg4 51.Be2 Rh4 52.Kd3
Kf7 53.Ke3 Kg7 54.Bf3 Kf8 55.Kf2 Ke7 56.Kg3 Rd4 57.Bxh5 Kd7 58.Bf3
Ke7 59.Kf2 Kd7 60.Ke3 Rb4 61.Be4 Ke7 62.Kf4 Rb5 63.Bd3 Rd5 64.Ke4
Rh5 65.Kd4 Kd7 66.Be4 Rg5 67.Bd5 Rg1 68.Kc5 Rc1+ 69.Bc4 Ke7 70.Re6+
Kd7 71.Re2 Rc3 72.Kd5 Rg3 73.Re5 Rg6 74.Bb5+ Kc7 75.Kc5 Rg7 76.Bc6
Rh7 77.Be4 Rg7 78.Re6 Rg5+ 79.Bd5 Kd7 80.Rh6 Ke7 81.Kc6 Re5 82.Rh7+
Kf6 83.Kd6 Re1 84.Be4 1/2-1/2

[Event "Heilbronner SV 1 - SG Schwäbisch Gmünd 1"]
[Site "Oberliga Württemberg 2018/2019"]
[Date "2018.10.14"]
[Round "2"]
[White "Degenhard, Simon"]
[Black "Weiss, Andreas"]
[Result "1/2-1/2"]
[WhiteElo "2215"]
[BlackElo "2166"]
[Annotator ""]
[Source ""]
[Remark ""]

1.e4 c5 2.Nf3 e6 3.d4 cxd4 4.Nxd4 a6 5.Bd3 Nf6 6.O-O d6 7.Qe2
Qc7 8.Kh1 Nbd7 9.f4 Be7 10.c4 b6 11.b3 Bb7 12.Nd2 O-O 13.Bb2
Rfe8 14.Rae1 e5 15.Nf5 Bf8 16.Bb1 g6 17.Ne3 exf4 18.Rxf4 Bg7
19.Rff1 Re7 20.Qf2 Rae8 21.Ba3 Nc5 22.Nd5 Bxd5 23.exd5 Ng4 24.Qh4
f5 25.Rxe7 Rxe7 26.h3 Bf6 27.Qg3 Be5 28.Qh4 Bf6 29.Qg3 Be5 30.Qh4
Bf6 1/2-1/2

[Event "Heilbronner SV 1 - SG Schwäbisch Gmünd 1"]
[Site "Oberliga Württemberg 2018/2019"]
[Date "2018.10.14"]
[Round "2"]
[White "Hönick, Andreas"]
[Black "Tschlatscher, Thomas"]
[Result "1-0"]
[WhiteElo "2069"]
[BlackElo "2125"]
[Annotator ""]
[Source ""]
[Remark ""]

1.d4 Nf6 2.c4 e6 3.Nc3 d5 4.cxd5 Nxd5 5.e4 Nxc3 6.bxc3 c5 7.Nf3
cxd4 8.cxd4 Bb4+ 9.Bd2 Bxd2+ 10.Qxd2 O-O 11.Rd1 b6 12.Bd3 Bb7
13.O-O Qd6 14.Rfe1 Rd8 15.Qg5 Qf8 16.Qh4 g6 17.d5 exd5 18.e5
Nc6 19.e6 f6 20.e7 Nxe7 21.Re6 Kg7 22.Nd4 Qf7 23.Re3 Kh8 24.Rde1
Ng8 25.Rg3 Re8 26.Ree3 Rxe3 27.fxe3 f5 28.Nxf5 gxf5 29.Qd4+ Nf6
30.Bxf5 Rg8 31.Rf3 Rg7 32.Bd3 Qe7 33.Rxf6 Kg8 34.Qf4 Qd8 35.g3
Qc8 36.Bf1 Qe8 37.Bb5 Qc8 38.Be2 Qe8 39.Bh5 Qc8 40.Bd1 Ba6 41.Qe5
Rf7 42.Rxf7 Kxf7 43.Bh5+ Kg8 44.Qg5+ 1-0

[Event "Heilbronner SV 1 - SG Schwäbisch Gmünd 1"]
[Site "Oberliga Württemberg 2018/2019"]
[Date "2018.10.14"]
[Round "2"]
[White "Mages, Steffen"]
[Black "Reindl, Arno"]
[Result "1/2-1/2"]
[WhiteElo "2108"]
[BlackElo "2012"]
[Annotator ""]
[Source ""]
[Remark ""]

1.d4 Nf6 2.c4 g6 3.Nc3 d5 4.Nf3 Bg7 5.e3 O-O 6.cxd5 Nxd5 7.Bc4
Nxc3 8.bxc3 c5 9.O-O Nc6 10.Ba3 b6 11.Re1 Bb7 12.Rc1 Rc8 13.Qe2
Na5 14.Ba6 c4 15.Bxb7 Nxb7 16.e4 Nd6 17.Rb1 Qd7 18.Qb2 Rfd8 19.e5
Ne8 20.e6 fxe6 21.Ne5 Bxe5 22.Rxe5 Ng7 23.Rbe1 Rf8 24.Qe2 Rf5
25.Re4 Rcf8 26.f3 Qc7 27.Bc1 b5 28.h3 Qg3 29.Rg4 Qd6 30.a4 a6
31.axb5 axb5 32.Bh6 R8f6 33.Qa2 Rf8 34.Qa7 R5f7 35.Qb7 Rb8 36.Qa7
Rbf8 37.Rb1 Rb8 38.Re4 Qb6 39.Qd7 Rb7 40.Qc8+ Rf8 41.Qc5 Rf5
{(=)} 42.Qb4 Rd5 43.Bf4 Nh5 44.Be5 Nf6 45.Re2 Nd7 46.Bg3 e5 47.Rbe1
Qd6 48.Qb1 b4 49.dxe5 Qb6+ 50.Bf2 Qb5 51.cxb4 Nxe5 52.Qa1 Nc6
53.Re6 Rdd7 54.Bc5 Nxb4 55.Bxb4 Qxb4 56.Qa8+ Kg7 57.R1e4 Qc5+
58.Kh2 Qc7+ 59.f4 c3 60.Qa1 Ra7 61.Qc1 Ra2 62.Qe1 Ra7 63.Qg3
c2 64.Rxg6+ hxg6 65.Re6 Kf8 66.Rxg6 e6 67.Rg8+ Ke7 68.Qg7+ Kd6
69.Qd4+ Kc6 70.Qc4+ Kb6 71.Qb4+ Ka6 72.Qa4+ Qa5 73.Qc6+ Qb6 74.Qxc2
Rdc7 75.Qe2+ Kb7 76.Qe4+ Qc6 77.Qb4+ Ka6 78.Qa3+ Kb7 79.Qb4+
{(=)} Ka6 80.Qa3+ 1/2-1/2